[Event "Challenge"]
[Site "http://www.queenalice.com/game.php?id=1232933"]
[Date "2013.11.17"]
[Round "-"]
[White "WILSONCSQ"]
[Black "jhowrod2013"]
[Result "1/2-1/2"]
[WhiteElo "1673"]
[BlackElo "1645"]

1. e4 e6 2. Nc3 d5 3. d3 Nf6 4. exd5 exd5 5. Nf3 Bb4 6. Bd2 O-O 7. a3 Bxc3 8.
Bxc3 Bg4 9. Be2 Qe7 10. O-O Nc6 11. Bxf6 Qxf6 12. c4 Rad8 13. cxd5 Rxd5 14. h3
Bxf3 15. Bxf3 Rg5 16. b4 Rd8 17. b5 Ne5 18. Bxb7 Rxd3 19. Qe2 Rxh3 20. Rfe1 Nf3+
21. Bxf3 h6 22. Bg4 Rh4 23. f3 Qf4 24. g3 Qxg3+ 25. Qg2 Qxg2+ 26. Kxg2 Rxb5 27.
Kg3 g5 28. Re3 f5 29. Bh3 f4+ 30. Kg2 fxe3 31. Kg3 Rd5 32. Be6+ Kg7 33. Bxd5 e2
34. Re1 Rd4 35. Be4 Rd2 36. f4 Kf6 37. fxg5+ hxg5 38. Bf3 1/2-1/2

[Event "Challenge"]
[Site "http://www.queenalice.com/game.php?id=1233920"]
[Date "2013.11.20"]
[Round "-"]
[White "lincolnmarley"]
[Black "WILSONCSQ"]
[Result "1-0"]
[WhiteElo "1623"]
[BlackElo "1706"]

1. e4 e6 2. d4 c6 3. c4 d5 4. exd5 cxd5 5. Nc3 Bb4 6. a3 Bxc3+ 7. bxc3 dxc4 8.
Bxc4 Nf6 9. Nf3 Nc6 10. O-O O-O 11. Bg5 Na5 12. Bd3 h6 13. Bd2 e5 14. Re1 exd4
15. cxd4 Nc6 16. Bc3 Nh5 17. Ne5 Nxd4 18. Bxd4 g6 19. Nxg6 fxg6 20. Bxg6 Ng7 21.
Qb3+ Kh8 22. Rad1 Qg5 23. Qb1 Bh3 24. g3 Bf5 25. Bxf5 Rxf5 26. Bxg7+ Kxg7 27.
Rd7+ Rf7 28. Qxb7 Rxd7 29. Qxd7+ Kh8 30. Re7 Qg8 31. Qd4+ Qg7 32. Qxg7# 1-0

[Event "Challenge"]
[Site "http://www.queenalice.com/game.php?id=1247740"]
[Date "2014.1.13"]
[Round "-"]
[White "Gusmao"]
[Black "WILSONCSQ"]
[Result "0-1"]
[WhiteElo "1483"]
[BlackElo "1687"]

1. e4 e5 2. Nf3 Nc6 3. Bb5 a6 4. Bxc6 dxc6 5. Nxe5 Qe7 6. d4 f6 7. Ng4 Qxe4+ 8.
Ne3 Nh6 9. Nc3 Bb4 10. O-O Bxc3 11. bxc3 O-O 12. f3 Qg6 13. h3 Bxh3 14. Kf2 Be6
15. Ba3 Rfe8 16. Qd3 Bf5 17. Qc4+ Be6 18. d5 cxd5 19. Qxc7 Rac8 20. Qxb7 Rxc3
21. Qxa6 d4 22. Nd1 Bc4 23. Qd6 Qxc2+ 24. Kg3 Nf5+ 25. Kg4 Nxd6 26. Nxc3 Qxc3
27. Bxd6 Bxf1 28. Rxf1 d3 29. Bf4 Re1 30. Rf2 Qc8+ 31. Kg3 Re2 32. Rf1 g5 33.
Bd6 Qa6 34. Bb4 Qa8 35. Rd1 Qb8+ 36. Kh3 Qxb4 37. Rxd3 Qh4# 0-1

[Event "Challenge"]
[Site "http://www.queenalice.com/game.php?id=1247741"]
[Date "2014.1.13"]
[Round "-"]
[White "WILSONCSQ"]
[Black "Gusmao"]
[Result "1/2-1/2"]
[WhiteElo "1695"]
[BlackElo "1468"]

1. e4 e5 2. c3 Qf6 3. d4 exd4 4. cxd4 c5 5. Nf3 cxd4 6. Nxd4 Bc5 7. Be3 Nh6 8.
Nc3 Bb4 9. Nb5 Na6 10. Bd4 Qh4 11. Qf3 d5 12. exd5 Qe7+ 13. Be2 Bg4 14. Qe3 Qxe3
15. Bxe3 Bxe2 16. Kxe2 Kd7 17. Rhd1 Rhe8 18. Kf1 Ng4 19. Bf4 Bc5 20. f3 Ne3+ 21.
Bxe3 Bxe3 22. d6 Rac8 23. Nxa7 Bxa7 24. Rac1 Be3 25. Rc2 Nb4 26. Re2 h5 27. a3
Na6 28. Nd5 Rc1 29. Rxc1 Bxc1 30. Rc2 Re5 31. Nb6+ Kxd6 32. Rxc1 Ke6 33. Nc4 Rc5
34. Re1+ Kd5 35. Ne3+ Kc6 36. b4 Rc3 37. g4 h4 38. g5 g6 39. f4 b5 40. f5
1/2-1/2

[Event "Challenge"]
[Site "http://www.queenalice.com/game.php?id=1251028"]
[Date "2014.1.24"]
[Round "-"]
[White "Guilhermerocha"]
[Black "WILSONCSQ"]
[Result "0-1"]
[WhiteElo "1100"]
[BlackElo "1689"]

1. g3 e6 2. Bg2 Nf6 3. Nf3 Nc6 4. O-O Bd6 5. d4 h6 6. Nc3 O-O 7. e4 e5 8. d5 Ne7
9. Be3 b6 10. Bh3 Bb4 11. Qd2 Nxe4 12. Qc1 Bxc3 13. bxc3 Nxc3 14. Bxh6 Ne2+ 15.
Kh1 Nxc1 16. Bxg7 Kxg7 17. Raxc1 Nxd5 18. Nxe5 d6 19. Bxc8 Qxc8 20. c4 dxe5 21.
cxd5 Qh3 22. Rfe1 Rh8 23. Kg1 Qxh2+ 0-1

[Event "Challenge"]
[Site "http://www.queenalice.com/game.php?id=1252672"]
[Date "2014.1.30"]
[Round "-"]
[White "WILSONCSQ"]
[Black "Guilhermerocha"]
[Result "1-0"]
[WhiteElo "1691"]
[BlackElo "1675"]

1. e4 Nc6 2. Nc3 g6 3. d3 e6 4. Nf3 Bg7 5. Be2 d5 6. exd5 exd5 7. Bg5 Nf6 8.
Bxf6 Bxf6 9. O-O O-O 10. d4 Bf5 11. Bd3 Bg4 12. h3 Bxf3 13. Qxf3 Nb4 14. a3 Nxd3
15. cxd3 c6 16. Qf4 Re8 17. Rae1 Re7 18. b4 Qe8 19. Rxe7 Qxe7 20. Nd1 Qe2 21.
Qxf6 Qxd3 22. Ne3 h5 23. b5 Qxb5 24. Qg5 a5 25. Nf5 Kh7 26. Qh6+ 1-0

[Event "Challenge"]
[Site "http://www.queenalice.com/game.php?id=1255074"]
[Date "2014.2.10"]
[Round "-"]
[White "Guilhermerocha"]
[Black "WILSONCSQ"]
[Result "0-1"]
[WhiteElo "1611"]
[BlackElo "1709"]

1. d4 e6 2. e4 c5 3. c3 d6 4. dxc5 Be7 5. cxd6 Bxd6 6. Qb3 Nf6 7. Bg5 Nbd7 8.
Bb5 O-O 9. Nd2 Be7 10. Ngf3 Ng4 11. h4 h6 12. Bf4 Qb6 13. O-O Bd6 14. Nc4 Qd8
15. Bxd6 Re8 16. Rad1 a6 17. Bxd7 Bxd7 18. Nb6 Ra7 19. Nxd7 Qxd7 20. Bc5 Qc7 21.
Bxa7 e5 22. Bb6 Qc6 23. Rd8 Rxd8 24. Bxd8 Qxe4 25. Nh2 Nxh2 26. Kxh2 Qd3 27. Rd1
Qe4 28. Rd7 Qf4+ 29. Kg1 Qf5 30. Qxb7 h5 31. Qc8 a5 32. Bxa5+ Kh7 33. Qc7 Kg8
34. Rxf7 Qxf7 35. Qxe5 Qxa2 36. b4 Qb1+ 37. Kh2 Qc2 38. b5 Qxf2 39. b6 Qxh4+ 0-1

[Event "Challenge"]
[Site "http://www.queenalice.com/game.php?id=1259694"]
[Date "2014.2.24"]
[Round "-"]
[White "WILSONCSQ"]
[Black "Guilhermerocha"]
[Result "1-0"]
[WhiteElo "1696"]
[BlackElo "1624"]

1. e4 e6 2. d4 Nc6 3. Nf3 g6 4. Nc3 Bb4 5. Bd2 d6 6. a3 Ba5 7. Bb5 Bd7 8. Bxc6
Bxc6 9. O-O Bxc3 10. Bxc3 Bxe4 11. d5 Nf6 12. dxe6 fxe6 13. Qe2 Qe7 14. Bxf6
Qxf6 15. Qxe4 O-O-O 16. b4 d5 17. Qe3 1-0

[Event "Challenge"]
[Site "http://www.queenalice.com/game.php?id=1264814"]
[Date "2014.3.14"]
[Round "-"]
[White "essenfelder"]
[Black "WILSONCSQ"]
[Result "1-0"]
[WhiteElo "2051"]
[BlackElo "1718"]

1. e4 e5 2. Nf3 Nc6 3. Bc4 Nf6 4. O-O Bd6 5. d3 Nd4 6. Ng5 O-O 7. c3 Ne6 8. Nxe6
dxe6 9. Bg5 c6 10. Qf3 b5 11. Bb3 Be7 12. Qg3 Nh5 13. Qg4 g6 14. Bxe7 Qxe7 15.
Re1 Qf6 16. Re3 Nf4 17. Rf3 h5 18. Qh3 Nxh3+ 19. Rxh3 Qg5 20. Na3 Qd2 21. Rb1 b4
22. cxb4 Qxb4 23. Nc2 Qd2 24. Ne3 Qxd3 25. Bc2 Qa6 26. Bb3 1-0

[Event "Challenge"]
[Site "http://www.queenalice.com/game.php?id=1264815"]
[Date "2014.3.14"]
[Round "-"]
[White "WILSONCSQ"]
[Black "essenfelder"]
[Result "0-1"]
[WhiteElo "1721"]
[BlackElo "2048"]

1. e4 c5 2. d3 Nc6 3. Nf3 e6 4. Be3 g6 5. d4 cxd4 6. Nxd4 Bg7 7. Nc3 Nge7 8. Bd3
Nxd4 9. Bb5 Ndc6 10. Bxc6 Nxc6 11. O-O O-O 12. Nb5 Bxb2 13. Rb1 Be5 14. Bc5 d6
15. Bxd6 Bxd6 16. Nxd6 b6 17. c4 Qc7 18. Rc1 a6 19. c5 b5 20. Nxc8 Raxc8 21. a4
Rfd8 22. Qc2 Ne5 23. axb5 axb5 24. Rcd1 Rxd1 0-1

[Event "Challenge"]
[Site "http://www.queenalice.com/game.php?id=1265011"]
[Date "2014.3.14"]
[Round "-"]
[White "Gusmao"]
[Black "WILSONCSQ"]
[Result "0-1"]
[WhiteElo "1540"]
[BlackElo "1686"]

1. e4 e5 2. Nf3 Nc6 3. c3 d5 4. d3 Nf6 5. Bg5 Be7 6. Bxf6 Bxf6 7. h4 Bg4 8. Nbd2
Bxf3 9. Nxf3 O-O 10. exd5 Qxd5 11. d4 exd4 12. c4 Rae8+ 13. Be2 Qxc4 14. O-O
Rxe2 15. Nd2 Qe6 16. g3 d3 17. Re1 a6 18. Rxe2 dxe2 19. Qe1 Nd4 20. Rc1 g5 21.
h5 Qh3 22. Rxc7 Be5 23. Rxb7 Bd6 24. Rb6 Bc5 25. Rxa6 Bb4 26. f4 Bxd2 27. Qxd2
Nf3+ 28. Kf2 Nxd2 29. Rd6 Qf1+ 30. Ke3 e1=Q+ 31. Kd4 Qxg3 32. Kc5 Qgxf4 0-1

[Event "Challenge"]
[Site "http://www.queenalice.com/game.php?id=1451064"]
[Date "2016.11.20"]
[Round "-"]
[White "WILSONCSQ"]
[Black "Bulldozer"]
[Result "0-1"]
[WhiteElo "1719"]
[BlackElo "1718"]

1. e4 e6 2. Nc3 d5 3. d4 dxe4 4. Nxe4 Nf6 5. Bd3 Be7 6. Nf3 Nbd7 7. c3 O-O 8.
Nxf6+ Nxf6 9. O-O b6 10. Bg5 Bb7 11. Bxf6 Bxf6 12. Ne5 Bxe5 13. dxe5 Qg5 14. f3
Qxe5 15. Re1 Qg5 16. a4 Rad8 17. b4 c5 18. a5 c4 19. Bxh7+ Kxh7 20. Qe2 Rd2 21.
Qf1 b5 22. Rad1 Rfd8 23. Rxd2 Qxd2 0-1

[Event "Challenge"]
[Site "http://www.queenalice.com/game.php?id=1477280"]
[Date "2017.5.8"]
[Round "-"]
[White "mvson33"]
[Black "WILSONCSQ"]
[Result "1-0"]
[WhiteElo "1885"]
[BlackElo "1694"]

1. e4 e5 2. Nf3 Nc6 3. Bc4 d6 4. Nc3 Nf6 5. a3 Be7 6. O-O Bg4 7. h3 Bxf3 8. Qxf3
Nd4 9. Qd1 c6 10. d3 d5 11. exd5 cxd5 12. Ba2 O-O 13. Be3 a6 14. f4 Nd7 15. fxe5
Nxe5 16. Bxd4 Nc6 17. Bf2 d4 18. Ne4 b5 19. Qg4 b4 20. axb4 Nxb4 21. Bb3 Nc6 22.
Nd2 g6 23. Bc4 a5 24. Nb3 Bf6 25. Ra4 Ne5 26. Qe2 Nxc4 27. Rxc4 1-0

[Event "Challenge"]
[Site "http://www.queenalice.com/game.php?id=1477281"]
[Date "2017.5.8"]
[Round "-"]
[White "WILSONCSQ"]
[Black "mvson33"]
[Result "0-1"]
[WhiteElo "1703"]
[BlackElo "1876"]

1. e4 e5 2. Nf3 Nc6 3. Nc3 d6 4. Bd3 Nf6 5. b3 Be7 6. Nd5 Be6 7. Nxe7 Qxe7 8.
Ng5 O-O 9. Bc4 Bxc4 10. bxc4 h6 11. Nf3 Nxe4 12. d3 Nf6 13. O-O Nh7 14. d4 exd4
15. Nxd4 Nxd4 16. Qxd4 Nf6 17. Bb2 Rfe8 18. h3 Qd8 19. Rae1 Rxe1 20. Rxe1 Qd7
21. Re3 Re8 22. Rg3 Kh7 23. Rxg7+ Kxg7 24. Qxf6+ Kf8 25. Qxh6+ Ke7 26. Qf6+ Kf8
27. Bc1 Re1+ 28. Kh2 Qe6 29. Bh6+ Ke8 0-1